Mete A. Sozen symposium : (Record no. 549906)
[ view plain ]
| 000 -LEADER | |
|---|---|
| fixed length control field | 00697nam a2200193 a 4500 |
| 082 00 - DEWEY DECIMAL CLASSIFICATION NUMBER | |
| Classification number | 624.1762 |
| Author Mark | MET |
| 245 00 - TITLE STATEMENT | |
| Title | Mete A. Sozen symposium : |
| Remainder of title | a tribute from his students / |
| Statement of responsibility, etc. | editors, James K. Wight, Michael E. Kreger. |
| 260 ## - PUBLICATION, DISTRIBUTION, ETC. | |
| Place of publication, distribution, etc. | Farmington Hills, Mich. : |
| Name of publisher, distributor, etc. | American Concrete Institute, |
| Date of publication, distribution, etc. | c1996. |
| 300 ## - PHYSICAL DESCRIPTION | |
| Extent | vi, 460 p. : |
| Other physical details | ill. ; |
| Dimensions | 23 cm. |
| 500 ## - GENERAL NOTE | |
| General note | "SP-162." |
| 526 ## - STUDY PROGRAM INFORMATION NOTE | |
| Program name | 0 |
| Interest level | 0 |
| Reading level | 0 |
| Title point value | 624_176200000000000_MET |
| 650 #0 - SUBJECT ADDED ENTRY--TOPICAL TERM | |
| Topical term or geographic name entry element | MCE |
| 9 (RLIN) | 379 |
| 650 #0 - SUBJECT ADDED ENTRY--TOPICAL TERM | |
| Topical term or geographic name entry element | Reinforced concrete construction |
| General subdivision | Congresses. |
| 9 (RLIN) | 41059 |
| 700 1# - ADDED ENTRY--PERSONAL NAME | |
| Personal name | Kreger, Michael E. |
| 9 (RLIN) | 46608 |
| 700 1# - ADDED ENTRY--PERSONAL NAME | |
| Personal name | Sozen, Mete Avni, |
| 9 (RLIN) | 46609 |
| 700 1# - ADDED ENTRY--PERSONAL NAME | |
| Personal name | Wight, James K. |
| 9 (RLIN) | 18384 |
| 710 2# - ADDED ENTRY--CORPORATE NAME | |
| Corporate name or jurisdiction name as entry element | American Concrete Institute. |
| 9 (RLIN) | 37057 |
| 942 ## - ADDED ENTRY ELEMENTS (KOHA) | |
| Source of classification or shelving scheme | |
| Koha item type | Book |
| Withdrawn status | Lost status | Source of classification or shelving scheme | Damaged status | Not for loan | Permanent Location | Current Location | Date acquired | Total Checkouts | Full call number | Barcode | Date last seen | Price effective from | Koha item type |
|---|---|---|---|---|---|---|---|---|---|---|---|---|---|
| Military College of Engineering (MCE) | Military College of Engineering (MCE) | 10/16/2014 | 624.1762 MET | MCE-43540 | 10/16/2014 | 10/16/2014 | Book |
